The pursuit of crime : art and ideology in detective fiction /

Bibliographic Details
Main Author: Porter, Dennis, 1933-
Format: Book
Language:English
Published: New Haven : Yale University Press, [1981]
Subjects:

MARC

Tag First Indicator Second Indicator Subfields
LEADER 00000cam a22000008a 4500
001 in00000071499
005 20151008062242.0
008 810417s1981 ctu b 00110 eng
010 |a  81003399  
020 |a 0300027222 
035 |a (OCoLC)07459967 
035 |9 AAJ9834AM 
039 0 |a 2  |b 3  |c 3  |d 3  |e 3 
040 |a DLC  |c DLC  |d TXA  |d UtOrBLW 
049 |a TXAM  |c [1329172] 
050 0 0 |a PN3448.D4  |b P58 
082 0 |a 809.3/872  |2 19 
100 1 |a Porter, Dennis,  |d 1933- 
245 1 4 |a The pursuit of crime :  |b art and ideology in detective fiction /  |c Dennis Porter. 
263 |a 8110 
264 1 |a New Haven :  |b Yale University Press,  |c [1981] 
264 4 |c ©1981 
300 |a ix, 267 pages ;  |c 22 cm. 
336 |a text  |b txt  |2 rdacontent 
337 |a unmediated  |b n  |2 rdamedia 
338 |a volume  |b nc  |2 rdacarrier 
504 |a Includes bibliographical references and index. 
650 0 |a Detective and mystery stories  |x History and criticism. 
999 |a MARS 
999 f f |s 8e37e909-808b-3e54-a653-65a25431fae3  |i 1f3de7f4-3fc3-32e9-845b-23cef84a672a  |t 0 
952 f f |p ric  |a Texas A&M University  |b Rellis Campus  |c Joint Library Facility  |d Remote Storage  |t 0  |e PN3448.D4 P58  |h Library of Congress classification  |i unmediated -- volume  |m A14806178963 
998 f f |a PN3448.D4 P58  |t 0  |l Remote Storage